00285nam a2200109Ia 4500008004100000245007000041260002000111260000900131300000900140500001300149650001300162170224s9999 xx 000 0 und d aSystematic review: Health care transition practice service models bNursing Outlook c2016 a64:3 aMay-June xNursing.